| 000 | 00697nam a22002177a 4500 | ||
|---|---|---|---|
| 010 | _aA-227142 | ||
| 020 | _c122.00 | ||
| 035 | _aA-227142 | ||
| 037 | _bCen Lib / Ret | ||
| 040 |
_aDPL _bEn |
||
| 082 |
_a020 _bSHA |
||
| 100 | _aRanganathan, S R | ||
| 245 |
_aDeveloping horizons in library & information science : _bRanganathan's tenth death anniversary commemoration volumes / _cby S R Ranganathan ; C D Sharma [and] Kailash Vyas |
||
| 300 |
_a252p ; _b24cm(Hb) |
||
| 650 | _a Library science -- India. | ||
| 650 | _aInformation science. | ||
| 650 | _aLibraries -- India. | ||
| 700 | _aSharma, C. D. | ||
| 700 | _aVyas, Kailash | ||
| 942 |
_2ddc _cEN _h020 _mSHA |
||
| 999 |
_c136928 _d136928 |
||